00634nam a22002177a 4500003000500000005001700005008004100022010001000063011001000073035001000083040000900093082001500102100002400117245009600141260003700237300001100274490004000285650001900325650003200344830004000376CHAP20220329134825.0971013s1978 r 00010 d a26526 a27498 a31599 cCHAP a519.2bK3500aKallianpur, G.eed. aMeasure theory applications to stochastic analysis ; proceedings Oberwolfach conference.... aBerlin :bSpringer Verlag,c1978 a261 p. aLecture notes in mathematicsv; 69514aEstocástica.14aMedición, teoría de la.0 aLecture notes in mathematicsv; 695